书目信息 |
| 题名: |
抱朴子内篇
|
|
| 作者: | 葛洪 著 | |
| 分册: | ||
| 出版信息: | 北京 蓝天版社 1998 |
|
| 页数: | 158页 | |
| 开本: | 19cm | |
| 丛书名: | 传世名著百部 | |
| 单 册: | ||
| 中图分类: | B235.75 , Z227 | |
| 科图分类: | ||
| 主题词: | 古典哲学--中国--东晋时代 , 百科全书--中国 | |
| 电子资源: | ||
| ISBN: | 7-80081-834-9 | |
| 000 | 00779oam2 2200277 450 | |
| 001 | 1550606689 | |
| 005 | 20151110145655.95 | |
| 010 | @a7-80081-834-9@dCNY15.60 | |
| 100 | @a20021005d1998 emky0chiy0110 ea | |
| 101 | 0 | @achi |
| 102 | @aCN@b110000 | |
| 105 | @ay z 000yy | |
| 200 | 1 | @a抱朴子内篇@Abao pu zi nei pian@9bao pu zi@b专著@f(西晋)葛洪著 |
| 210 | @a北京@c蓝天版社@d1998 | |
| 215 | @a158页@d19cm | |
| 225 | 2 | @a传世名著百部@v27@i佛道名著 |
| 410 | 0 | @12001@@@@a传世名著百部 |
| 512 | 1 | @a抱朴子内篇@9bao pu zi nei pian |
| 605 | @a《抱朴子》@x介绍 | |
| 606 | 0 | @a古典哲学@y中国@z东晋时代 |
| 606 | 0 | @a百科全书@x中国 |
| 690 | @aB235.75@v3 | |
| 690 | @aZ227@v4 | |
| 701 | 0 | @a葛洪@9ge hong@4著 |
| 801 | 0 | @aCN@bNLC@c20150101 |
| 905 | @aZUCC@dZ227@eJY6:27 | |
| 抱朴子内篇/(西晋)葛洪著.-北京:蓝天版社,1998 |
| 158页;19cm.-(传世名著百部;27.佛道名著) |
| ISBN 7-80081-834-9:CNY15.60 |
| ● |
| 相关链接 |
|
|
|
|
正题名:抱朴子内篇
索取号:Z227/JY6:27
 
预约/预借
| 序号 | 登录号 | 条形码 | 馆藏地/架位号 | 状态 | 备注 |
| 1 | 7852964 | 278529647 | 学院路分馆/ [索取号:Z227/JY6:27] | 在馆 | |
| 2 | 7852965 | 278529656 | 学院路分馆/ [索取号:Z227/JY6:27] | 在馆 | |
| 3 | 7852966 | 278529665 | 学院路分馆/ [索取号:Z227/JY6:27] | 在馆 |